| 000 | 00658nam a2200181 4500 | ||
|---|---|---|---|
| 001 | 136832 | ||
| 003 | ES-MaACL | ||
| 005 | 20231229062547.0 | ||
| 007 | t| | ||
| 008 | 070214s1952 sp r ||||1| spa d | ||
| 245 | 0 | 0 |
_aLibro de Oro del Real Madrid C. de F. _b: 1902-1952 / _cedita Real Madrid C. de F. ; dirige F. Sáinz de Robles. |
| 260 |
_aMadrid : _bAres : _bReal Madrid C. de F., _c1952. |
||
| 300 |
_aXIII, 393 p., 88 lám. : _bil. ; _c25 cm + _e6 lám. pleg. |
||
| 700 | 1 |
_aSainz de Robles, Federico Carlos, _d1898-1982 _9101593 |
|
| 710 | 2 |
_aReal Madrid Club de Fútbol. _96364 |
|
| 852 |
_aES-MaACL _jD-7315 _bR.32144 |
||
| 999 |
_c136832 _d136832 |
||